A bailarina especial (Record no. 74247)

MARC details
000 -LÍDER
campo de controle de tamanho fixo 00365 a2200157 4500
001 - NÚMERO DE CONTROLE
campo de controle 74247
020 ## - ISBN - INTERNATIONAL STANDARD BOOK NUMBER
ISBN - International Standard Book Number 978-85-7888-239-6
040 ## - FONTE DA CATALOGAÇÃO
Instituição que transcreveu o registro Anchieta - Colégio São Paulo
100 ## - ENTRADA PRINCIPAL--NOME PESSOAL
Nome pessoal Tomaz, Aline Fávaro
240 10 - TÍTULO UNIFORME
Título uniforme A bailarina especial
Idioma da obra por
245 10 - TÍTULO
Título A bailarina especial
300 ## - DESCRIÇÃO FÍSICA
Extensão 47
362 0# - DATAS DE PUBLICAÇÃO E/OU DESIGNAÇÃO SEQUENCIAL
Datas de publicação e/ou designação sequencial 2012
650 #4 - ASSUNTO--TERMO TÓPICO
Cabeçalho tópico ou nome geográfico Literatura infantil
942 ## - ELEMENTOS DE ENTRADA ADICIONADOS (KOHA)
Tipo de material Koha Livros
Holdings
Situação do descarte Situação das perdas Situação física Não pode ser emprestado Biblioteca de origem Biblioteca atual Data de aquisição Total de empréstimos Número de chamada completo Código de barras Data de último acesso Data do preço efetivo Tipo de material Koha
        Colégio São Paulo Colégio São Paulo 22/11/2023   LI 028.5 T655b 4797/CSP 22/11/2023 22/11/2023 Livros